000 00615pam a2200229 a 4500
001 1443214
005 20171218065005.0
008 851002s1987 mdua b 001 0 eng c
010 _a 85022654
020 _a0683073206
040 _aDNLM/DLC
_cDLC
_dDLC
041 _aeng
060 _aWS 366 T3555
080 _a618.920028 ROG
082 0 0 _a618.920028 ROG
_219
100 _a4
101 _aSHM
245 0 0 _aTextbook of pediatric intensive care /
_ceditor, Mark C. Rogers.
504 _aIncludes bibliographies and index.
906 _a7
_bcbc
_corignew
_d1
_eocip
_f19
_gy-gencatlg
942 _2ddc
_cBK
999 _c39066
_d39066